00687nam a2200241 a 4500001001300000003000900013005001700022008004100039020001000080082001900090100002000109245002800129260003100157300000800188500003500196505003300231650001400264700002000278902000800298942000700306952011900313999001300432nice12345678IN_TiNIC20260116011336.0050524s1934 dela grp 000 0 eng  ac10000a346.5401bGOI1 aGovt Of India,  aIndian Divorce Act 1869 aDelhibGovt.Of Indiac1934 a35p aincludes index and biblioraphy2 aMethodist church west africa aLaw-India1 aGovt Of India,  bSRS cBK 001040708StackRoom-aHMIbHMId2007-06-05g100.00l0o346.5401 GOI1p01966r2007-06-05v100.00w2005-05-24yBK c682d682